Normal view
MARC view
- Leyland, Peter
Entry Personal Name
001 - CONTROL NUMBER
- control field: 85533
003 - CONTROL NUMBER IDENTIFIER
- control field: NUST
005 - DATE AND TIME OF LATEST TRANSACTION
- control field: 20211203103448.0
008 - FIXED-LENGTH DATA ELEMENTS
- fixed length control field: 211203|| aca||aabn | a|a d
040 ## - CATALOGING SOURCE
- Original cataloging agency: NUST
- Transcribing agency: NUST
100 ## - HEADING--PERSONAL NAME
- Personal name: Leyland, Peter
- Titles and other words associated with a name: (Lecturer in law)
670 ## - SOURCE DATA FOUND
- Source citation: Work cat.: (NUST)0: Leyland, Peter (Lecturer in law) author., Textbook on administrative law /
